Por la normalización lingüística de Cataluña / textos de José Luis L. Aranguren ... [et al.] sobre la cuestión de la lengua en Cataluña
Publicado:
[Barcelona] :
Departament de Cultura i Mitjans de Comunicació de la Generalitat de Catalunya, DL 1981
Descripción Física:
29 p. ; 24 cm
Otros Autores:
Aranguren, José Luis L., 1909-1996
MARC
| LEADER | 00000nam a2200000Ia 4500 | ||
|---|---|---|---|
| 001 | 15415 | ||
| 008 | 160829s9999 xx 000 0 cat d | ||
| 080 | |a FU-37-18 | ||
| 245 | |a Por la normalización lingüística de Cataluña / textos de José Luis L. Aranguren ... [et al.] sobre la cuestión de la lengua en Cataluña | ||
| 260 | |a [Barcelona] : |b Departament de Cultura i Mitjans de Comunicació de la Generalitat de Catalunya, DL 1981 | ||
| 300 | |a 29 p. ; |c 24 cm | ||
| 590 | |a A la part superior de la portada: Direcció General de Política Lingüística | ||
| 650 | |a Català |x Normalització |9 31654 | ||
| 650 | |a Català |x Ús |9 36401 | ||
| 650 | 0 | |a Català |x Aspectes socials |9 24616 | |
| 650 | |a Catalunya |x Política lingüística |9 23187 | ||
| 700 | 1 | |a Aranguren, José Luis L., |d 1909-1996 |9 36426 | |
| 710 | 1 | |a Catalunya. |b Direcció General de Política Lingüística |9 54028 | |
| 901 | |a Arxiu | ||
| 942 | |n 1 | ||
| 952 | |0 0 |1 0 |4 0 |6 FU3718 |7 1 |9 47317 |a Arxiu |b Arxiu |d 2016-12-01 |l 0 |o FU-37-18 |p 15415 |r 2016-12-01 00:00:00 |w 2016-12-01 |y ARXIU | ||
| 999 | |c 51114 |d 51114 | ||